00631nam a2200181Ia 4500008004100000020001500041041001200056082001600068100001900084245009500103260002500198300000800223650000800231700001700239942000700256999001500263952017100278221030s9999 xx 000 0 und d a8120307526 aEnglish a105.23bHel aA. D. Helfrick 0aModern Electronic Instrumentation & Measurment Techniquescby A. D. Helfrick, W. D. Cooper bPHIaNew Delhic1999 a446 aECE aW. D. Cooper cBK c2577d2577 pBE 1581g125.00l0o105.23 Helr2024-06-13 00:00:00w2022-10-30yBK003Print4070aMIETLIBbMIETLIBcBL-Academic Block C, FL-2, CUP-31, SH-2, R-2d2000-05-1010HBE